| 000 | 00876nam a22002535i 4500 | ||
|---|---|---|---|
| 001 | 11897 | ||
| 003 | ES-MaACL | ||
| 005 | 20230906150209.0 | ||
| 007 | t| | ||
| 008 | 960321s1995 sp ||||0| spa j | ||
| 020 | _a84-87136-53-2 | ||
| 040 |
_aM-BN _bspa _cM-BN |
||
| 080 | _a726.71(460.288 Liétor) | ||
| 100 | 1 |
_aSánchez Ferrer, José. _9102642 |
|
| 245 | 1 | 0 |
_aIconografía carmelitana _b: el convento de San Juan de la Cruz en Liétor / _cJosé Sánchez Ferrer. |
| 260 |
_aAlbacete : _bInstituto de Estudios Albacetenses, _c1995. |
||
| 300 |
_a111 p : _bil. n. y col ; _c22 cm. |
||
| 490 | 1 |
_aSerie I--Estudios ; _vn. 82 |
|
| 610 | 2 | 7 |
_aConvento de San Juan de la Cruz (Liétor) _93281 |
| 710 | 2 |
_aInstituto de Estudios Albacetenses. _94884 |
|
| 830 | 0 |
_aSerie I--Estudios ; _vn. 82 _9179228 |
|
| 852 |
_aES-MaACL _jL-19155 _bR.124020 |
||
| 999 |
_c11897 _d11897 |
||